Manual de procedimiento para la búsqueda de fallas en una centrífuga tipo Batch modelo Titan 1600 para la fabricación de azúcar de caña en el Ingenio Montelimar
Presenta un manual de procedimientos para búsqueda de fallas en una Centrifuga tipo Batch modelo Titan 1600 para la fabricación de azúcar en el Ingenio Montelimar. Este Ingenio opera con dos tipos de centrifuga que son: centrifuga continuas BMA y tipo Batch Western States en la cual el personal r...
| Main Authors: | , |
|---|---|
| Other Authors: | |
| Format: | Tesis Section = Libro |
| Language: | Undetermined Spanish |
| Published: |
Managua
UNI
2013
|
| Subjects: |
| LEADER | 01487nam a2200289Ia 4500 | ||
|---|---|---|---|
| 008 | 240830s9999 xx 000 0 und d | ||
| 040 | |a BIBLIOTECA-RUSB/ Mon 664.122028 H558 | ||
| 041 | |a spa | ||
| 082 | |a Mon 664.122028 H558 | ||
| 100 | 1 | |a Hernández Rodríguez, Luis Ernesto | |
| 100 | 1 | |b Gaitán Zúniga, Luis Miguel | |
| 245 | 1 | 0 | |a Manual de procedimiento para la búsqueda de fallas en una centrífuga tipo Batch modelo Titan 1600 para la fabricación de azúcar de caña en el Ingenio Montelimar |
| 260 | |a Managua |b UNI |c 2013 | ||
| 300 | |a 112 p. :il. | ||
| 500 | |a Contiene: anexos e Incluye: CD. | ||
| 502 | |a Tesis (Ingeniero Electrónico) - UNI, 2013. | ||
| 520 | 3 | |a Presenta un manual de procedimientos para búsqueda de fallas en una Centrifuga tipo Batch modelo Titan 1600 para la fabricación de azúcar en el Ingenio Montelimar. Este Ingenio opera con dos tipos de centrifuga que son: centrifuga continuas BMA y tipo Batch Western States en la cual el personal requiere un mayor soporte para los principios de operación y servicio. | |
| 650 | 7 | |a CAÑA DE AZUCAR-AZUCAR | |
| 650 | 7 | |b CAÑA DE AZUCAR-CULTIVO-INDUSTRIA AZUCARERA | |
| 650 | 7 | |c MAQUINAS CENTRIFUGAS-FABRICACION DE AZUCAR | |
| 650 | 7 | |d PROPIEDADES QUIMICAS-AZUCAR | |
| 650 | 7 | |e PROCESO PRODUCTIVO-CAÑA DE AZUCAR | |
| 650 | 7 | |f SISTEMAS DE AUTOMATIZACION DE CENTRIFUGA-BATCH | |
| 700 | 1 | |a Tutor: |b Arcia Salmerón, José Manuel | |
| 942 | |c BK |2 ddc | ||
| 991 | |a TESIS | ||
| 999 | |c 20723 | ||